000 00342 a2200157 4500
001 76169
020 _a8589020037
040 _cAnchieta - Colégio São Paulo
100 _aBojunga, Lygia
240 1 0 _aA Bolsa Amarela
_lpor
245 1 0 _aA Bolsa Amarela
300 _a135
362 0 _a2016
650 4 _aLiteratura juvenil
942 _cBK
999 _c76169
_d76169